Roaster of information scientists in India (Record no. 19349)

MARC details
000 -LEADER
fixed length control field 00340nam a2200121Ia 4500
082 ## - DEWEY DECIMAL CLASSIFICATION NUMBER
Classification number RR 920.2025 ROS-
245 #0 - TITLE STATEMENT
Title Roaster of information scientists in India
260 ## - PUBLICATION, DISTRIBUTION, ETC. (IMPRINT)
Place of publication New Delhi
Name of publisher Society for Information Science
Year of publication 0
300 ## - PHYSICAL DESCRIPTION
Number of Pages 274p.
504 ## - BIBLIOGRAPHY, ETC. NOTE
Bibliography, etc Includes index
650 ## - SUBJECT ADDED ENTRY--TOPICAL TERM
Topical Term Information scientists - Biography - India
942 ## - ADDED ENTRY ELEMENTS (KOHA)
Koha item type Books
Holdings
Withdrawn status Lost status Damaged status Not for loan Home library Current library Date acquired Bill Date Full call number Accession Number Price effective from Koha item type
        NASSDOC Library NASSDOC Library 08/06/2004 2004-10-22 RR 920.2025 ROS- 26848 18/04/2019 Books